| 000 | 01009cab a22001935a 4500 | ||
|---|---|---|---|
| 001 | L152243 | ||
| 008 | 110215e20110211xxk 000 0 eng d | ||
| 035 | _a(Sirsi) u152243 | ||
| 041 | 0 | _aeng | |
| 100 | 1 | _aLowery, Dave | |
| 245 | 0 | 0 |
_aBam Nuttall bags £500m civils _bbusiness barometer, Crossrail contributes to positive start to the year as work goes 48% up on previous month to £2.6bn |
| 260 | _c2011 | ||
| 490 |
_aBuilding _v276 (8665) 11 February 2011, 18-19(2) |
||
| 520 | _aOverview of recent months; tables of top contractors including and excluding civils for January 2011; yearly work won February 2010-January 2011; top architects, clients/promoters, and quantity surveyors February 2010 to January 2011 using information from Barbour ABI. Economists' views of 2011 outlook based on ONS estimates, the Bank of England in February 2011, December 2010 mortgage approval rates. | ||
| 590 | _aKA | ||
| 651 | 4 |
_aUnited Kingdom _y |
|
| 690 | _aBUILT ENVIRONMENT-CONSTRUCTION MARKET | ||
| 942 | _n0 | ||
| 999 |
_c82918 _d82918 |
||